Strengthening America's middle class : finding economic solutions to help America's families : hearing before the Committee on Education and Labor, U.S. House of Representatives, One Hundred Tenth Congress, first session, hearing held in Washington, DC, February 7, 2007.

Bibliographic Details
Corporate Authors: United States. Congress. House. Committee on Education and Labor, ProQuest (Firm)
Format: eBook
Language:English
Published: Washington : U.S. G.P.O. : 2007.
Series:U.S. Congressional Hearings.
Subjects:
Online Access:Connect to the full text of this electronic book

MARC

Tag First Indicator Second Indicator Subfields
LEADER 00000cam a22000001a 4500
001 in00003286321
006 m d f
007 cr bn mmmapmmp
008 110909s2007 dcu ob f000 0 eng d
005 20260604203503.4
035 |a chdc200700129 
040 |a ProQuest  |c ProQuest  |d UtOrBLW 
043 |a n-us--- 
074 |a 1015-A (online) 
074 |a 1015-B (online) 
074 |a 1015-B (MF) 
074 |a 1015-A 
088 |a Serial no. 110-3 (United States. Congress. House. Committee on Education and Labor) 
099 |a HRG-2007-EDL-0003 
110 1 |a United States.  |b Congress.  |b House.  |b Committee on Education and Labor. 
245 1 0 |a Strengthening America's middle class :  |b finding economic solutions to help America's families : hearing before the Committee on Education and Labor, U.S. House of Representatives, One Hundred Tenth Congress, first session, hearing held in Washington, DC, February 7, 2007. 
246 3 0 |a Finding economic solutions to help America's families 
264 1 |a Washington :  |b U.S. G.P.O. :  |c 2007. 
264 2 |a Washington :  |b For sale by the Supt. of Docs., U.S. G.P.O., 
300 |a 1 online resource. 
336 |a text  |b txt  |2 rdacontent 
337 |a computer  |b c  |2 rdamedia 
338 |a online resource  |b cr  |2 rdacarrier 
500 |a Shipping list number not available. 
500 |a "Serial number 110-3." 
500 |a Distributed to some depository libraries in microfiche. 
500 |a "Printed for the use of the Committee on Education and Labor." 
504 |a Includes bibliographical references. 
530 |a Also available via Internet from the GPO Access web site. Addresses as of 4/10/07: http://frwebgate.access.gpo.gov/cgi-bin/getdoc.cgi?dbname=110%5Fhouse%5Fhearings&docid=f:32905.wais (text version) and http://frwebgate.access.gpo.gov/cgi-bin/getdoc.cgi?dbname=110%5Fhouse%5Fhearings&docid=f:32905.pdf (PDF version); current access is available via PURLs. 
500 |a Reuse of record except for individual research requires license from ProQuest, LLC. 
500 |a Electronic resource. 
538 |a System requirements: PDF reader software. 
650 0 |a Middle class families  |z United States  |x Economic conditions. 
651 0 |a United States  |x Economic conditions. 
655 7 |a Electronic books.  |2 local 
710 2 |a ProQuest (Firm) 
776 0 8 |i Print version:   |a United States.Congress.House.Committee on Education and Labor.  |t Strengthening America's middle class  |w (DLC)2007414091  |w (OCoLC)ocn122931100  |z 9780160782817  |z 0160782813 
776 0 8 |i Microfiche version:   |a United States.Congress.House.Committee on Education and Labor.  |t Strengthening America's middle class  |d [Bethesda, Md.] : ProQuest LLC, [2004]  |o CIS 2007 H341-5  |w (ProQuest)cis00700203 
830 0 |a U.S. Congressional Hearings. 
856 4 0 |u http://proxy.library.tamu.edu/login?url=https://congressional.proquest.com/congcomp/getdoc?HEARING-ID=HRG-2007-EDL-0003  |z Connect to the full text of this electronic book  |t 0 
998 |a cis00700203 
999 |a MARS 
999 f f |s 961075df-73ed-3330-8ef2-0d7cee7280ab  |i cb9d0e22-a9e8-3b44-bfa5-9510ea825ae4  |t 0 
952 f f |a Texas A&M University  |b College Station  |c Electronic Resources  |s www_evans  |d Available Online  |t 0  |e HRG-2007-EDL-0003  |h Other scheme 
998 f f |a HRG-2007-EDL-0003  |t 0  |l Available Online